000 00791cam a22002773a 4500
001 13483
003 PGUSA
005 20140828083305.0
008 040917s2004||||xxu|||||s|||||000 | eng d
040 _aPGUSA
_beng
042 _adc
050 4 _aPN
100 1 _aIrving, Henry,
_cSir,
_d1838-1905
245 1 4 _aThe Drama
_h[electronic resource] /
_cHenry, Irving
260 _bProject Gutenberg,
_c2004
505 0 _aThe stage as it is -- The art of acting -- Four great actors -- The art of acting.
506 _aPublic domain in the USA.
516 _aElectronic text
653 _aActors -- Great Britain
653 _aActing
653 _aDrama
653 _aTheater
830 0 _aProject Gutenberg
_v13483
856 4 0 _uhttp://www.gutenberg.org/ebooks/13483
942 _cEB
999 _c242738
_d242738